|
|
|
|
| LEADER |
02025nam a22003257a 4500 |
| 001 |
4607 |
| 003 |
BD-DhAAL |
| 005 |
20250622094507.0 |
| 008 |
160225m20001991ii a|||| |||| 00| 0 ben d |
| 020 |
|
|
|a 8172150555
|
| 020 |
|
|
|a 9788172150556
|
| 040 |
|
|
|a BD-DhAAL
|d BD-DhAAL
|
| 041 |
|
|
|a ben
|
| 082 |
|
|
|a 491.44321
|2 22
|
| 245 |
|
|
|a বাংলা, কী লিখবেন কেন লিখবেন :
|b আনন্দবাজার পত্রিকা ব্যবহার বিধি /
|c নীরেন্দ্রনাথ চক্রবর্তী সম্পাদিত.
|
| 250 |
|
|
|a দ্বিতীয় সংস্করণ.
|
| 260 |
|
|
|a কলকাতা :
|b আনন্দ পাবলিশার্স,
|c ১৯৯১ [দ্বিতীয় মুদ্রণ ২০০০, তৃতীয় মুদ্রণ ২০০৫].
|
| 300 |
|
|
|a ২২১ পৃষ্ঠা :
|b চিত্র ;
|c ২২ সে.মি.
|
| 500 |
|
|
|a নিঘন্ট অন্তভুক্ত।
|
| 541 |
|
|
|a Complimentary copy from BIED (35928), Donated By Akbar Ali Khan (38534)
|e 4607, 35928, 38534
|
| 650 |
|
|
|a Bengali language
|x Dictionaries.
|9 18193
|
| 650 |
|
|
|a Bengali newspapers
|x Language.
|9 18194
|
| 650 |
|
|
|a Bengali newspapers.
|9 18195
|
| 700 |
|
|
|a চক্রবর্তী, নীরেন্দ্রনাথ
|9 18196
|
| 852 |
|
|
|a Savar Campus Library
|c General Stacks
|
| 942 |
|
|
|2 ddc
|c BK
|
| 999 |
|
|
|c 36933
|d 36933
|
| 952 |
|
|
|0 0
|1 0
|2 ddc
|4 0
|6 491_443210000000000_BAN
|7 0
|9 58167
|a SCL
|b SCL
|c GEN
|d 2016-02-25
|g 45.00
|l 0
|o 491.44321 BAN
|p 3020004607
|r 2016-02-25
|t 1
|w 2016-02-25
|y BK
|
| 952 |
|
|
|0 0
|1 0
|2 ddc
|4 0
|6 491_443210000000000_BAN
|7 0
|9 69541
|a BRACUL
|b BRACUL
|c GEN
|d 2021-12-05
|e Complimentary copy from BIED
|l 0
|o 491.44321 BAN
|p 3010035936
|r 2021-12-05
|t 2
|w 2021-12-05
|y BK
|x Transferred from BIED to General Stacks
|
| 952 |
|
|
|0 0
|1 0
|2 ddc
|4 0
|6 491_443210000000000_BAN
|7 1
|9 70583
|a BRACUL
|b BRACUL
|c AAKC
|d 2022-04-28
|e Donated by Akbar Ali Khan
|l 0
|o 491.44321 BAN
|p 3010038534
|r 2022-04-28
|t 3
|w 2022-04-28
|y BK
|